1202 1811 1164 1018 1744 1161 1354 1647 1923 1361 1060 1142 1242 1548 1320 1989 1167 1405 1645 1263 1182 1573 1258 1929 1589 1678 1617 1241 1270 1256 1917 1113 1043 1415 1942 1076 1102 1660 1871 1542 1879 1109 1039 1355 1140 1900 1856 1140 1532 1588 1233 1598 1314 1697 1847 1644 1459 1221 1104 1808 1187 1302 1722 1942 1998 1727 1193 1567 1582 1692 1502 1154 1089 1459 1952 1439 1975 1180 1183 1950 1651 1412 1000 1352 1242 1011 1380 1706 1541 1663 1432 1631 1843 1103 1934 1208 1729 1429 1600 BCNSPRNW ULIB Ver.6.0+V

เปลี่ยนเป็นภาษาไทย

Change to English
 แสดงรายละเอียดบรรณานุกรม
  กลับหน้าหลัก

Brief Record : Get Marc (ISO 2709) : E-mail record : QR code < ปิดหน้าต่าง
LEADER : 00000nam 2200000uu 4500
001    13399120066
003     ULIB
008    110220s2553||||th 000 0 tha d
020    9749626931
020    9789749626931
060 04 WY150^bก496 ล.4
110 2  กระทรวงสาธารณสุข. ^bสถาบันพระบรมราชชนก.^bโครงการสวัสดิการวิชาการ
245 10 การพยาบาลผู้ใหญ่และผู้สูงอายุ เล่ม 4 /^cสถาบันพระบรมราชชนกกระทรวงสาธารณสุข
250    พิมพ์ครั้งที่ 11 (ปรับปรุงครั้งที่1)
260    นนทบุรี :^bโครงการสวัสดิการวิชาการ สถาบันพระบรมราชชนกกระทรวงสาธารณสุข,^c2553
300    [12], 375 หน้า :^bภาพประกอบ ;^c26 ซม.
650  2 Geriatric Nursing
650  7 การพยาบาลผู้สูงอายุ
650  7 การพยาบาลเวชศาสตร์วัยชรา
650  7 ผู้สูงอายุ
650  7 ภาวะฉุกเฉิน^xการพยาบาล
945    ^p150^l0^i032582
945    ^p150^l0^i032583
945    ^p150^l0^i032584
945    ^p150^l0^i032585
945    ^p150^l0^i032586
945    ^p150^l0^i032587
945    ^p150^l0^i032588
945    ^p150^l0^i032589
995    ทศพร
999 ^a ใช้งานได้ทุกระบบ
รายการนี้ยังไม่มีแท็ก
คุณยังไม่ได้ล็อกอิน คุณสามารถมีกิจกรรมร่วมกับเว็บไซต์ได้ แต่ต้องล็อกอินก่อน ::
  ล็อกอิน

รายการสื่อสารสนเทศ

ลำดับที่ ประเภท เลขเรียก/บาร์โค้ด สถานที่ สถานะ
1. วิทยาศาสตร์การแพทย์ และสุขภาพ
หนังสือสำรอง
สถานะ=หนังสือสำรอง
WY150 ก496 ล.4 ฉ.1 
  Barcode: 032582
ห้องสมุดวิทยาเขตสวรรค์ประชารักษ์
►ส่วนจัดเก็บหนังสือเก่า สปร
บนชั้น
  ขอยืม
2. วิทยาศาสตร์การแพทย์ และสุขภาพ
วิทยาศาสตร์การแพทย์ และสุขภาพ
WY150 ก496 ล.4 ฉ.2 
  Barcode: 032583
ห้องสมุดวิทยาเขตสวรรค์ประชารักษ์
►ส่วนจัดเก็บหนังสือเก่า สปร
บนชั้น
  ขอยืม
3. วิทยาศาสตร์การแพทย์ และสุขภาพ
วิทยาศาสตร์การแพทย์ และสุขภาพ
WY150 ก496 ล.4 ฉ.3 
  Barcode: 032584
ห้องสมุดวิทยาเขตสวรรค์ประชารักษ์
►ส่วนจัดเก็บหนังสือเก่า สปร
บนชั้น
  ขอยืม
4. วิทยาศาสตร์การแพทย์ และสุขภาพ
วิทยาศาสตร์การแพทย์ และสุขภาพ
WY150 ก496 ล.4 ฉ.4 
  Barcode: 032585
ห้องสมุดวิทยาเขตสวรรค์ประชารักษ์
►ส่วนจัดเก็บหนังสือเก่า สปร
บนชั้น
  ขอยืม
5. วิทยาศาสตร์การแพทย์ และสุขภาพ
วิทยาศาสตร์การแพทย์ และสุขภาพ
WY150 ก496 ล.4 ฉ.5 
  Barcode: 032586
ห้องสมุดวิทยาเขตสวรรค์ประชารักษ์
►ส่วนจัดเก็บหนังสือเก่า สปร
บนชั้น
  ขอยืม
6. วิทยาศาสตร์การแพทย์ และสุขภาพ
วิทยาศาสตร์การแพทย์ และสุขภาพ
WY150 ก496 ล.4 ฉ.6 
  Barcode: 032587
ห้องสมุดวิทยาเขตสวรรค์ประชารักษ์
►ส่วนจัดเก็บหนังสือเก่า สปร
บนชั้น
  ขอยืม
7. วิทยาศาสตร์การแพทย์ และสุขภาพ
วิทยาศาสตร์การแพทย์ และสุขภาพ
WY150 ก496 ล.4 ฉ.7 
  Barcode: 032588
ห้องสมุดวิทยาเขตสวรรค์ประชารักษ์
►ส่วนจัดเก็บหนังสือเก่า สปร
บนชั้น
  ขอยืม
8. วิทยาศาสตร์การแพทย์ และสุขภาพ
วิทยาศาสตร์การแพทย์ และสุขภาพ
WY150 ก496 ล.4 ฉ.8 
  Barcode: 032589
ห้องสมุดวิทยาเขตสวรรค์ประชารักษ์
►ส่วนจัดเก็บหนังสือเก่า สปร
บนชั้น
  ขอยืม

รายการใกล้เคียง
    หัวเรื่อง [Geriatric Nursing]
    หัวเรื่อง [การพยาบาลผู้สูงอายุ]
    หัวเรื่อง [การพยาบาลเวชศาสตร์วัยชรา]
    หัวเรื่อง [ผู้สูงอายุ]

BibComment


ยังไม่เคยถูกคอมเมนท์

คอมเมนท์ทรัพยากรรายการนี้
  คอมเมนท์: การพยาบาลผู้ใหญ่แ..


 Copyright 2026. Bcnsprnw @Library